Phan Bội Châu Toàn tập: 10 tập Tập 4 Tiểu thuyết và các truyện ký

Kaydedildi:
Detaylı Bibliyografya
Diğer Yazarlar: Chương Thâu (sưu tầm & b. soạn)
Materyal Türü: Kitap
Dil:Vietnamese
Baskı/Yayın Bilgisi: Huế Nxb. Thuận Hoá Trung tâm Văn hoá Ngôn ngữ Đông Tây 2001
Konular:
Etiketler: Etiketle
Etiket eklenmemiş, İlk siz ekleyin!
Thư viện lưu trữ: Mạng thư viện Đại học Đà Nẵng
LEADER 01459nam a2200397 4500
001 000006030
003 2184
005 20120410090431.0
008 110829s2001 viesd
020 |c 155000đ 
041 0 |a vie 
082 |a 895.922  |b PH-C 
245 1 0 |a Phan Bội Châu  |b Toàn tập: 10 tập  |c Phan Bội Châu ; Chương Thâu sưu tầm, b. soạn  |n Tập 4  |p Tiểu thuyết và các truyện ký 
260 |a Huế  |b Nxb. Thuận Hoá  |b Trung tâm Văn hoá Ngôn ngữ Đông Tây  |c 2001 
300 |a 637 tr  |b ảnh chân dung  |c 24 cm 
500 |a Phần chữ Hán: tr. 373-637 
504 |a T.4: Tiểu thuyết và các truyện ký 
653 |a Văn học yêu nước 
653 |a Văn học cân đại 
653 |a Toàn tập 
653 |a Việt Nam 
653 |a Tiểu thuyết 
653 |a Truyện kí 
700 |a Chương Thâu  |e sưu tầm & b. soạn 
773 |t Phan Bội Châu  |w 2180 
910 |a Nguyễn Thị Kim Oanh  |d 29/08/2011 
OWN |a LSP 
AVA |a UDN50  |b LSP  |d 895.922 PH-C  |e available  |t Error 5001 Not defined in file expand_doc_bib_avail.  |f 2  |g 0  |h N  |i 0  |k 1 
999 |a From the UDN01 
AVA |a UDN50  |b LSP  |d 895.922 PH-C  |e available  |t Error 5001 Not defined in file expand_doc_bib_avail.  |f 2  |g 0  |h N  |i 0  |k 1 
TYP |a Monograph 
TYP |a Printed language 
980 |a Mạng thư viện Đại học Đà Nẵng